| 000 | 00383nam a2200133Ia 4500 | ||
|---|---|---|---|
| 008 | 221216s9999||||xx |||||||||||||| ||und|| | ||
| 020 | _a978-8172245276 | ||
| 040 | _cChuka University Library | ||
| 050 |
_aHF 5686 _b.C53 2006 |
||
| 100 |
_aChatterjee, B.K. _91771 |
||
| 245 | 0 | _aCost & Management Accounting for managers | |
| 260 |
_aJaico Publishing House _bMumbai _c2006 |
||
| 942 | _cBK | ||
| 999 |
_c2536 _d2536 |
||